| 000 | 01203nam a22003137a 4500 | ||
|---|---|---|---|
| 999 |
_c5303 _d5303 |
||
| 003 | AR-CdUCM | ||
| 008 | 190312b ||||| |||| 00| 0 spa d | ||
| 040 |
_aMUNICIPALIDAD PROVINCIAL DEL CUSCO _cBIBLIOTECA MUNICIPAL DEL CUSCO |
||
| 082 |
_a869.58 / _bB92 |
||
| 100 |
_aBacacorzo, Xavier _95182 |
||
| 245 | _aLa obra de Ciro Alegria / | ||
| 260 |
_aArequipa : _bEditorial Miranda, _c1976. |
||
| 300 |
_a151 páginas ; _c20 cm. |
||
| 440 |
_aUniversidad Nacional de San Agustín _916031 |
||
| 500 | _aDonación familia de Luis Nieto | ||
| 505 | _aContenido: La serpiente de Oro: Causalidad y casualidad en el "Foco narrativo" -- Lazaro y el problema de la técnica narrativa en Ciro Alegria -- Calixto Garmendia: Análisis social e ideológico... | ||
| 650 |
_aLa serpiente de Oro _9748 |
||
| 650 |
_aMundo ancho _916032 |
||
| 650 |
_aLazaro _916033 |
||
| 700 |
_aBendezu Aibar, Edmundo _916034 |
||
| 700 |
_aCaceres, Leticia _916035 |
||
| 700 |
_aCaceres Cuadros, Tito _916036 |
||
| 700 |
_aCornejo Polar, Antonio _9743 |
||
| 700 |
_aCornejo Polar, Jorge _99944 |
||
| 700 |
_aEscajadillo, Tomas G. _96755 |
||
| 700 |
_aLosada Guido, Alejandro _95684 |
||
| 942 |
_2ddc _cLIBROS |
||
| 945 | _adavv | ||